[Event "3rd Orissa Open"]
[Site "Bhubaneswar IND"]
[Date "2011.06.03"]
[Round "8"]
[White "Roy,Pr"]
[Black "Girinath,P"]
[Result "0-1"]
[WhiteElo "2242"]
[BlackElo "2377"]

1.d4 Nf6 2.Nf3 g6 3.c4 Bg7 4.Nc3 O-O 5.e4 d6 6.Be2 e5 7.O-O exd4 8.Nxd4 Re8
9.f3 c6 10.Nb3 a5 11.Na4 d5 12.cxd5 cxd5 13.Be3 Nbd7 14.Bb5 Qe7 15.Nc3 dxe4
16.fxe4 a4 17.Nd2 a3 18.bxa3 Rd8 19.Qc2 Rxa3 20.Nb3 b6 21.Rae1 Bb7 22.Bd4 Nc5
23.Bxc5 bxc5 24.Nb1 Raa8 25.Qxc5 Qe6 26.Bc4 Qg4 27.N1d2 Rd7 28.h3 Qh4 29.Nf3 Qg3
30.Ng5 Rxa2 31.Re2 Rxe2 32.Bxe2 Qxb3 33.Bc4 Qb2 34.Rf2 Qd4 35.Bxf7+ Kh8 36.Qb5 Nxe4
37.Nxe4 Bxe4 38.Be6 Rd8 39.Bg4 Rf8 40.Qe2 Qc5  0-1

[Event "3rd Orissa Open"]
[Site "Bhubaneswar IND"]
[Date "2011.06.03"]
[Round "8"]
[White "Swapnil,SD"]
[Black "Prasenjit,Dat"]
[Result "1-0"]
[WhiteElo "2425"]
[BlackElo "2283"]

1.d4 Nf6 2.c4 d6 3.Nc3 Nbd7 4.e4 e5 5.Nf3 g6 6.Be2 Bg7 7.O-O O-O 8.Re1 c6
9.Rb1 exd4 10.Nxd4 Nc5 11.Bf3 a5 12.b3 Nfd7 13.Be3 Re8 14.Qd2 Ne5 15.Be2 f6
16.Rbd1 Nf7 17.f3 Qe7 18.Bf1 h5 19.Qc2 Kh7 20.Bf2 Bh6 21.a3 Ne6 22.Nf5 Qf8
23.Nxh6 Kxh6 24.Na4 c5 25.Qc3 Kg7 26.Nb6 Ra6 27.Nd5 Nh6 28.f4 Rc6 29.Bh4 Ng8
30.Qxa5 Ra6 31.Qc3 Rxa3 32.Qb2 Ra7 33.e5 dxe5 34.fxe5 f5 35.b4 cxb4 36.Bf2 Ra3
37.Nxb4 Ra8 38.Rd6 Nh6 39.Nd5 Nf7 40.Nb6 Rb8 41.Rd5 Kh7 42.Red1 Nc7 43.Nd7 Bxd7
44.Rxd7 Ne6 45.c5 Kh6 46.Bc4 f4 47.Qb6 Nxe5 48.Bxe6 Nxd7 49.Bxd7 Re2 50.Rd6 Qg7
51.Bd4 Qf7 52.Rf6 Qg8 53.Bf5 Rxg2+ 54.Kf1 Ra8 55.Be6 Qe8 56.Kxg2 Ra6 57.Qb3 Qa8
58.Bd5 Ra3 59.Qc2 Qe8 60.Be4  1-0

[Event "ch-Flanders 2011"]
[Site "Ghent BEL"]
[Date "2011.06.03"]
[Round "4.2"]
[White "Lacrosse,M"]
[Black "Vandenbussche,T"]
[Result "1/2-1/2"]
[WhiteElo "2170"]
[BlackElo "2343"]

1.d4 d6 2.c4 e5 3.Nf3 Nd7 4.e4 Ngf6 5.Nc3 g6 6.Be2 Bg7 7.O-O O-O 8.Be3 c6
9.d5 c5 10.Ne1 Kh8 11.Nd3 Ng8 12.Rb1 f5 13.f3 Bh6 14.Bxh6 Nxh6 15.f4 Qe7
16.Qd2 Nf7 17.Rbe1 g5 18.fxg5 f4 19.h4 Rg8 20.Bh5 Nb6 21.b3 Bd7 22.Qe2 Raf8
23.Bxf7 Rxf7 24.g3 Bh3 25.Rf2 fxg3 26.Rxf7 Qxf7 27.Qe3 Rf8 28.Qxg3 Qh5 29.Qxh3 Rf3
30.Qe6 Rxd3 31.Qf6+ Kg8 32.Qe6+ Kg7 33.Qf6+ Kg8 34.Qe6+  1/2-1/2

[Event "TCh-FRA Top 12 2011"]
[Site "Mulhouse FRA"]
[Date "2011.06.03"]
[Round "9"]
[White "Assad,K"]
[Black "Nicoara,M"]
[Result "1/2-1/2"]
[WhiteElo "2022"]
[BlackElo "2104"]

1.d4 Nf6 2.Nf3 g6 3.c4 Bg7 4.Nc3 O-O 5.e4 d6 6.Be2 Nbd7 7.O-O e5 8.d5 a5
9.Ne1 Nc5 10.Qc2 Ne8 11.Nd3 Nxd3 12.Bxd3 Bd7 13.Be3 Bf6 14.Rae1 Ng7 15.f4 exf4
16.Bxf4 Bd4+ 17.Be3 Be5 18.Bf4 Bd4+ 19.Be3 Be5 20.Bf4  1/2-1/2

[Event "TCh-FRA Top 12 2011"]
[Site "Mulhouse FRA"]
[Date "2011.06.03"]
[Round "9"]
[White "Manoeuvre,A"]
[Black "San Emeterio Cabanes,J"]
[Result "1/2-1/2"]
[WhiteElo "2215"]
[BlackElo "2398"]

1.d4 Nf6 2.c4 g6 3.Nc3 Bg7 4.e4 d6 5.Be2 O-O 6.Nf3 e5 7.O-O Na6 8.Be3 Ng4
9.Bg5 f6 10.Bd2 c6 11.h3 Nh6 12.Be3 f5 13.dxe5 f4 14.Bc1 dxe5 15.Qxd8 Rxd8
16.b3 Nf7 17.Ba3 Bf8 18.Bxf8 Kxf8 19.Rfd1 Rxd1+ 20.Rxd1 Ke7 21.Na4 Be6 22.Ne1 h5
23.Nd3 Rd8 24.Kf1 Rd4 25.Nac5 Nxc5 26.Nxc5 Rxd1+ 27.Bxd1 b6 28.Nd3 Kd6 29.h4 Nd8
30.Ke1 Bf7 31.g3 Ne6 32.Kd2 Nc5 33.Nxc5 Kxc5 34.Kc3 Kd6 35.Be2 c5 36.Bf1 Ke6
37.Bh3+ Kf6 38.Bd7 g5 39.Bc6 gxh4 40.gxh4 Be6  1/2-1/2

[Event "Fynsmesterskabet 2011"]
[Site "Odense DEN"]
[Date "2011.06.03"]
[Round "4.3"]
[White "Smith,Ax"]
[Black "Meszaros,Mi"]
[Result "1-0"]
[WhiteElo "2450"]
[BlackElo "2414"]

1.d4 Nf6 2.c4 g6 3.Nc3 Bg7 4.e4 d6 5.Be2 O-O 6.Nf3 e5 7.O-O Na6 8.Be3 Ng4
9.Bg5 Qe8 10.h3 exd4 11.Nd5 f6 12.Bc1 Nh6 13.Nxd4 c6 14.Nc3 f5 15.exf5 Nxf5
16.Nxf5 Bxf5 17.Be3 Qe7 18.Qd2 Rae8 19.Rad1 Be5 20.Rfe1 Nc5 21.Bf1 Qf6 22.Bg5 Qh8
23.Bh6 Rf7 24.Qxd6 Ne4 25.Qd8 Re7 26.Nxe4 Bxe4 27.Rxe4 Bh2+ 28.Kxh2 Rxe4
29.Qc7 Qxb2 30.Rd7 Qe5+ 31.Qxe5 R4xe5 32.c5 Rxc5 33.Rg7+ Kh8 34.Rxb7 a5 35.Be3 Rd5
36.Bc4 Rd6 37.Bh6  1-0

[Event "FSFMA June"]
[Site "Budapest HUN"]
[Date "2011.06.04"]
[Round "1"]
[White "Darazs,Z"]
[Black "Lakat,G"]
[Result "1/2-1/2"]
[WhiteElo "2203"]
[BlackElo "1899"]

1.d4 Nf6 2.c4 g6 3.e4 d6 4.Nc3 Bg7 5.Nf3 O-O 6.Be2 Nbd7 7.O-O e5 8.d5 Ne8
9.Ne1 f5 10.Nd3 f4 11.g3 g5 12.Bg4 Ndf6 13.Bxc8 Rxc8  1/2-1/2

[Event "TCh-FRA Top 12 2011"]
[Site "Mulhouse FRA"]
[Date "2011.06.04"]
[Round "10"]
[White "Nguyen Chi Minh"]
[Black "Shoker,S"]
[Result "1-0"]
[WhiteElo "2381"]
[BlackElo "2466"]

1.d4 d6 2.c4 Nf6 3.Nc3 Nbd7 4.Nf3 g6 5.e4 e5 6.Be2 Bg7 7.O-O O-O 8.Qc2 c6
9.Rd1 Qe7 10.Rb1 Ng4 11.d5 f5 12.Ng5 Nc5 13.f3 Nh6 14.b4 Na6 15.c5 f4 16.h4 dxc5
17.Bxa6 bxa6 18.dxc6 Be6 19.Nd5 Bxd5 20.Rxd5 Nf7 21.Rd7 Qf6 22.Qc4 cxb4 23.Rxb4 Rac8
24.c7 h6 25.Nxf7  1-0

[Event "18th Ratten Open"]
[Site "Ratten AUT"]
[Date "2011.06.04"]
[Round "4.1"]
[White "Wersching,A"]
[Black "Wiedermann,D"]
[Result "1/2-1/2"]
[WhiteElo "2042"]
[BlackElo "2219"]

1.d4 Nf6 2.Nf3 g6 3.c4 Bg7 4.Nc3 O-O 5.e4 d6 6.Be2 e5 7.d5 a5 8.Bg5 h6 9.Bd2 Na6
10.h3 Nc5 11.Qc2 Nh5 12.g3 f5 13.Nh4 fxe4 14.Nxe4 Nxe4 15.Qxe4 Qf6 16.Be3 Nf4
17.gxf4 Qxh4 18.Qxg6 Bf5 19.Qg2 Kh7 20.O-O-O exf4 21.Bd4 Bxd4 22.Rxd4 f3
23.Rxh4 fxg2 24.Rg1 Rae8 25.Kd2 Re4 26.Rxe4 Bxe4 27.Ke3  1/2-1/2

[Event "29th Liechtenstein Open"]
[Site "Triesen LIE"]
[Date "2011.06.04"]
[Round "9.8"]
[White "Burnier,D"]
[Black "Simon,Pete GER"]
[Result "1/2-1/2"]
[WhiteElo "2337"]
[BlackElo "2159"]

1.d4 d6 2.c4 e5 3.Nc3 Nd7 4.Nf3 g6 5.e4 Bg7 6.Be2 Ngf6 7.O-O O-O 8.Qc2 c6
9.Rd1 Qc7 10.a3 Nh5 11.Be3 h6 12.c5 dxc5 13.dxe5 Nxe5 14.Bxc5 Re8 15.Bd6 Nxf3+
16.Bxf3 Qa5 17.e5 Nf4 18.b4 Qb6 19.Qd2 g5 20.h4 Bf5 21.hxg5 hxg5 22.a4 a5
23.b5 Bxe5 24.Bxe5 Rxe5 25.bxc6 bxc6 26.Nb5 Rae8 27.Nd6 Rd8 28.Qc3 Re2 29.Qd4 Re1+
30.Rxe1 Qxd4 31.Nxf5 Qf6  1/2-1/2

[Event "ch-Flanders 2011"]
[Site "Ghent BEL"]
[Date "2011.06.05"]
[Round "7.2"]
[White "Goormachtigh,J"]
[Black "Vandenbussche,T"]
[Result "0-1"]
[WhiteElo "2237"]
[BlackElo "2343"]

1.d4 d6 2.Nf3 g6 3.c4 Bg7 4.Nc3 Nd7 5.e4 e5 6.Be2 Ngf6 7.O-O O-O 8.Be3 Re8
9.d5 Nh5 10.g3 Bf8 11.b4 Ng7 12.Ne1 f5 13.f3 Be7 14.Qd2 a5 15.bxa5 Rxa5 16.Nd3 Nf6
17.c5 fxe4 18.fxe4 Ra3 19.Bf3 Rf8 20.Rab1 Ngh5 21.cxd6 cxd6 22.Qb2 Qa5 23.Rbc1 Bh3
24.Bg2 Bxg2 25.Kxg2 Nxe4 26.Qxb7 Nxc3 27.Qxe7 Qxd5+ 28.Kh3 Nf4+ 29.Nxf4 exf4
30.Bxf4 Qf5+ 31.g4 Nd5+ 32.Kh4 Qxf4 33.Qe6+ Kg7 34.Rc7+ Nxc7  0-1

[Event "ch-Flanders 2011"]
[Site "Ghent BEL"]
[Date "2011.06.05"]
[Round "7.1"]
[White "Van der Stricht,G"]
[Black "Docx,S"]
[Result "1/2-1/2"]
[WhiteElo "2373"]
[BlackElo "2334"]

1.d4 Nf6 2.c4 g6 3.Nc3 Bg7 4.e4 d6 5.Nf3 O-O 6.Be2 e5 7.O-O Na6 8.Be3 Ng4
9.Bg5 Qe8 10.dxe5 dxe5 11.h3 Nf6 12.Be3 b6 13.a3 Bb7 14.Qc2 Nc5 15.Bxc5 bxc5
16.Nd5 Qb8 17.Nd2 a5 18.Nc3  1/2-1/2

[Event "FSIM June"]
[Site "Budapest HUN"]
[Date "2011.06.08"]
[Round "5"]
[White "Farago,S"]
[Black "Pirisi,G"]
[Result "1/2-1/2"]
[WhiteElo "2281"]
[BlackElo "2243"]

1.d4 Nf6 2.c4 g6 3.Nc3 Bg7 4.e4 d6 5.Nf3 O-O 6.Be2 e5 7.dxe5 dxe5 8.Qxd8 Rxd8
9.Bg5 Re8 10.Nd5 Nxd5 11.cxd5 c6 12.Bc4 cxd5 13.Bxd5 Nc6 14.Bxc6 bxc6 15.Nd2 Ba6
16.b3 f6 17.Be3 Bf8 18.Nc4 Bxc4 19.bxc4 Red8 20.Rd1 Rxd1+ 21.Kxd1 Rd8+ 22.Kc2 a6
23.Rd1 Rxd1 24.Kxd1 Kf7  1/2-1/2

[Event "Djakovacki vezovi Open A"]
[Site "Djakovo CRO"]
[Date "2011.06.09"]
[Round "2.1"]
[White "Sertic,Ru"]
[Black "Jovanovic,Zo CRO"]
[Result "0-1"]
[WhiteElo "2401"]
[BlackElo "2553"]

1.Nf3 d6 2.d4 Nf6 3.c4 g6 4.Nc3 Bg7 5.e4 O-O 6.Be2 e5 7.d5 a5 8.Bg5 h6 9.Bh4 Na6
10.Nd2 Bd7 11.O-O Qe8 12.Kh1 Nh7 13.b3 h5 14.f3 Bh6 15.a3 Be3 16.Rb1 Bc5
17.Qc1 f5 18.Na2 g5 19.Bf2 f4 20.b4 Bxf2 21.Rxf2 axb4 22.axb4 g4 23.Nf1 Qg6
24.Bd3 Rf7 25.c5 gxf3 26.c6 Rg7 27.g3 bxc6 28.dxc6 Be6 29.Bc4 Ng5 30.Bxe6+ Qxe6
31.Nc3 Rf8 32.Ra2 h4 33.gxf4 Nh3 34.Ne3 Qxa2  0-1

[Event "Zonal 3.4 Women"]
[Site "Tashkent UZB"]
[Date "2011.06.09"]
[Round "2.3"]
[White "Mamatkulova,M"]
[Black "Qurbonboeva,S"]
[Result "1-0"]
[WhiteElo "2046"]
[BlackElo "2073"]

1.d4 Nf6 2.c4 g6 3.Nc3 Bg7 4.e4 d6 5.Nf3 O-O 6.Be2 Nbd7 7.O-O e5 8.Re1 c6
9.Bf1 Re8 10.Rb1 exd4 11.Nxd4 Nc5 12.f3 a5 13.Be3 Qc7 14.Qd2 Bd7 15.Rbd1 Rad8
16.Qf2 Bc8 17.Nc2 b6 18.Bd4 Nh5 19.Qh4 f5 20.Bxg7 Nxg7 21.Nd4 Nce6 22.exf5 Nxd4
23.Qxd4 Nxf5 24.Qd2 Rxe1 25.Rxe1 d5 26.cxd5 cxd5 27.Kh1 Bb7 28.Bd3 Ng7 29.Nb5 Qf7
30.Qg5 Re8 31.Rxe8+ Qxe8 32.h4 Bc6 33.Nd4 Ne6 34.Nxe6 Qxe6 35.h5 Be8 36.h6 Kf7
37.f4 Bc6 38.b3 Qf6 39.Qxf6+ Kxf6 40.g4 d4+ 41.Kh2 Be8 42.g5+ Ke6 43.Kg3 b5
44.Kf3 Bc6+ 45.Kg4 Bd7 46.Kf3 Bc6+ 47.Ke2 Kf7 48.Bc2 Bd7 49.Be4 Be6 50.Kd3 a4
51.bxa4 bxa4 52.a3 Kf8 53.Kxd4 Bf7 54.Bc2 Be8 55.Kc5 Ke7 56.f5 Kf7 57.f6 Ke6
58.Kb4 Bf7 59.Bxa4 Kf5 60.Bb3 Kxg5 61.Bxf7 Kxf6 62.Bg8 Kg5 63.Bxh7 Kxh6 64.Bxg6 Kxg6
65.a4  1-0

[Event "TCh-SLO"]
[Site "Lasko SLO"]
[Date "2011.06.10"]
[Round "7"]
[White "Tratar,M"]
[Black "Markus,Rob"]
[Result "0-1"]
[WhiteElo "2489"]
[BlackElo "2629"]

1.Nf3 Nf6 2.c4 g6 3.Nc3 Bg7 4.e4 d6 5.d4 O-O 6.Be2 e5 7.Be3 Na6 8.O-O Ng4
9.Bg5 f6 10.Bc1 Nh6 11.h3 Nf7 12.a3 c6 13.dxe5 fxe5 14.b4 Nc7 15.Be3 Ne6
16.Re1 Qf6 17.Bf1 Nd4 18.Nh2 Bh6 19.Ra2 a5 20.b5 Bxe3 21.fxe3 Ne6 22.Rf2 Qe7
23.bxc6 bxc6 24.Na4 Kg7 25.Qc2 Rb8 26.c5 d5 27.Nf3 dxe4 28.Nd2 Nc7 29.Nc4 Be6
30.Qxe4 Bd5 31.Qc2 Ng5 32.Rxf8 Rxf8 33.Nd6 Nxh3+ 34.gxh3 Qh4 35.Re2 Qg3+
36.Bg2 Bxg2 37.Rxg2 Qxe3+ 38.Kh2 Qf4+ 39.Kh1 Nd5 40.Qe4 Qf1+ 41.Kh2 Nf4 42.Qxe5+ Kg8
43.Rd2 Qxh3+ 44.Kg1 Nd3 45.Qe2 Qg3+  0-1

[Event "FSIM June"]
[Site "Budapest HUN"]
[Date "2011.06.11"]
[Round "8"]
[White "Pirisi,G"]
[Black "Foo,Be"]
[Result "1/2-1/2"]
[WhiteElo "2243"]
[BlackElo "2195"]

1.c4 Nf6 2.Nc3 g6 3.e4 d6 4.d4 Bg7 5.Nf3 O-O 6.Be2 e5 7.O-O exd4 8.Nxd4 Re8
9.f3 c6 10.Nc2 Na6 11.Rb1 Be6 12.Kh1 Qc7 13.Be3 Rad8 14.Bd4 Bc8 15.Qe1 Nc5
16.Qf2 b6 17.b4 Ne6 18.b5 d5 19.cxd5 cxd5 20.Bxf6 Bxf6 21.Nxd5 Rxd5 22.exd5 Qxc2
23.dxe6 Bxe6 24.Rfc1 Qxa2 25.Qf1 Qd2 26.Bc4 Bf5 27.Re1 Rc8 28.Rbd1 Qf4 29.Bd3 Be6
30.Re4 Qh6 31.Qe2 Kg7 32.Bc4 Bf5 33.Re8 Rc7 34.Bb3 Qg5 35.Qe3 Qh4 36.g4 Rc3
37.Qe2 Rxb3 38.gxf5 Rb2 39.Rd2 Rb1+ 40.Rd1 Rb2  1/2-1/2

[Event "FSFMB June"]
[Site "Budapest HUN"]
[Date "2011.06.11"]
[Round "8"]
[White "Benyeda,T"]
[Black "Heiszler,R"]
[Result "1-0"]
[WhiteElo "1652"]
[BlackElo "1862"]

1.Nf3 Nf6 2.c4 g6 3.Nc3 Bg7 4.e4 d6 5.d4 O-O 6.Be2 Nbd7 7.O-O e5 8.Bg5 exd4
9.Nxd4 h6 10.Be3 Nc5 11.f3 Ne6 12.Rc1 g5 13.Nf5 Nf4 14.Nxg7 Kxg7 15.Qd2 N6h5
16.Rfd1 Be6 17.b4 Kh7 18.Nd5 Nxe2+ 19.Qxe2 f5 20.Bf2 Bxd5 21.cxd5 Qe7 22.Rd4 Rac8
23.Qc2 Nf4 24.Re1 Qf6 25.Rc4 b6 26.Bd4 Qe7 27.Re3 Qd7 28.exf5  1-0

[Event "35th Open"]
[Site "Fourmies FRA"]
[Date "2011.06.11"]
[Round "2.9"]
[White "Lalic,B"]
[Black "Thomas,O"]
[Result "1-0"]
[WhiteElo "2469"]
[BlackElo "2035"]

1.Nf3 Nf6 2.c4 g6 3.Nc3 Bg7 4.e4 d6 5.d4 O-O 6.Be2 e5 7.Be3 exd4 8.Nxd4 a6
9.O-O c6 10.f3 b5 11.Qd2 b4 12.Nd1 c5 13.Nc2 Nc6 14.Bh6 Be6 15.Bxg7 Kxg7
16.Nde3 Qe7 17.Rad1 Rfd8 18.Qc1 Bc8 19.Rfe1 Qe5 20.f4 Qe8 21.Bf3 Bb7 22.b3 Nd4
23.Nxd4 cxd4 24.Rxd4 Nxe4 25.Bxe4 Bxe4 26.Qb2 Kf8 27.Ng4 f5 28.Rdxe4 Qf7
29.Re7 Qxe7 30.Qh8+  1-0

[Event "TCh-SLO"]
[Site "Lasko SLO"]
[Date "2011.06.11"]
[Round "8"]
[White "Beliavsky,A"]
[Black "Martinovic,Sa"]
[Result "1/2-1/2"]
[WhiteElo "2621"]
[BlackElo "2527"]

1.d4 Nf6 2.c4 g6 3.Nc3 Bg7 4.e4 d6 5.Nf3 O-O 6.Be2 e5 7.O-O Na6 8.Be3 Ng4
9.Bg5 Qe8 10.dxe5 Nxe5 11.Rc1 Bg4 12.Nd5 Bxf3 13.Bxf3 f6 14.Bf4 c6 15.Nc3 f5
16.exf5 Rxf5 17.Bxe5 Bxe5 18.g3 Bg7 19.Bg2 Rd8 20.a3 Kh8 21.b4 Nc7 22.Qd3 d5
23.cxd5 Nxd5 24.Nxd5 cxd5 25.f4 Rf7 26.Rfe1 Qd7 27.h4 d4 28.Rc5 Re7 29.Re4 Rxe4
30.Bxe4 b6 31.Rd5 Qc7 32.Qc2 Qe7 33.Rxd8+ Qxd8 34.Kf2 Bf6 35.Qc6 Kg7 36.Ke2 a5
37.Kd3 axb4 38.axb4 Be7 39.Qb5 Qd6 40.Kc4 Bf6 41.Qd5 Qxd5+ 42.Bxd5 Be7 43.Be4 h6
44.Kb5 Bd6 45.Bd3 Kf6 46.Bc2 g5 47.fxg5+  1/2-1/2

[Event "Zonal 3.4 Women"]
[Site "Tashkent UZB"]
[Date "2011.06.11"]
[Round "4.1"]
[White "Mamatkulova,M"]
[Black "Dauletova,G"]
[Result "1/2-1/2"]
[WhiteElo "2046"]
[BlackElo "2263"]

1.d4 Nf6 2.c4 g6 3.Nc3 Bg7 4.e4 d6 5.Nf3 O-O 6.Be2 Nbd7 7.O-O e5 8.Re1 Re8
9.Bf1 a5 10.d5 Nc5 11.Qc2 Nh5 12.g3 f5 13.Bg2 f4 14.Rb1 Rf8 15.Rf1 g5 16.b3 g4
17.Nd2 f3 18.Bh1 Nf6 19.a3 Bd7 20.b4 axb4 21.axb4 Na4 22.Nd1 Qe7 23.Re1 b5
24.cxb5 Bxb5 25.Ne3 Qd7 26.h3 h5 27.hxg4 hxg4 28.Bxf3 gxf3 29.Nxf3 Nxe4 30.Qxe4 Nc3
31.Qc2 e4 32.Ng5 Bd3 33.Qb3 Nxb1 34.Rd1 Qa4 35.Rxd3 Qxb3 36.Rxb3 Nc3 37.Kg2 Ra2
38.Rb2 Ra1 39.Rc2 Ra2 40.Ne6 Rxc2 41.Nxc2 Ra8 42.Nxg7 Ra2 43.Nd4 Kxg7 44.Ne6+ Kf7
45.Nxc7 Nd1 46.Nb5 Nxf2 47.Kf1 Ke7 48.Bf4 Ng4 49.Bxd6+ Kd7 50.Bc5 e3 51.Ke1 Rb2
52.Nc3 Rb3 53.Nd1 Ra3 54.Ke2 Ra2+ 55.Ke1 Ra1 56.Ke2 Ra2+ 57.Ke1 Ra1 58.Ke2 Ra2+
59.Ke1  1/2-1/2

[Event "35th Open"]
[Site "Fourmies FRA"]
[Date "2011.06.12"]
[Round "5.10"]
[White "Iasman,I"]
[Black "Le Quang,K"]
[Result "0-1"]
[WhiteElo "1998"]
[BlackElo "2324"]

1.d4 Nf6 2.c4 g6 3.Nc3 Bg7 4.e4 d6 5.Be2 O-O 6.Nf3 e5 7.Be3 Ng4 8.Bg5 f6
9.Bh4 Nc6 10.d5 Ne7 11.Nd2 Nh6 12.f3 c5 13.dxc6 bxc6 14.Bf2 Be6 15.c5 d5
16.exd5 cxd5 17.Qa4 f5 18.Qa6 Bc8 19.Qd6 Nf7 20.Qxd8 Rxd8 21.Bh4 g5 22.Bf2 Rb8
23.Rb1 d4 24.Na4 Bd7 25.Bd1 Bb5 26.Bb3 Nd5 27.Nc4 Bxa4 28.Bxa4 Nc3 29.Bb3 Nxb1
30.O-O Kf8 31.Rxb1 Rdc8 32.Nd6 Nxd6 33.cxd6 Rc6 34.d7 Ke7 35.Ba4 Rc4 36.Bb3 Rc7
37.Ba4 Rb4 38.b3 Rxa4 39.d8=Q+ Kxd8 40.bxa4 e4 41.Be1 Rd7 42.fxe4 fxe4 43.Kf1 Ke7
44.Ke2 Ke6 45.a5 g4 46.a6 Bh6 47.Bg3 d3+ 48.Kd1 e3 49.a4 Rf7 50.Ke1 e2 51.Bf2 Be3  0-1

[Event "35th Open"]
[Site "Fourmies FRA"]
[Date "2011.06.12"]
[Round "5.11"]
[White "Houriez,C"]
[Black "Heymann Lobzhanidze,A"]
[Result "1-0"]
[WhiteElo "2318"]
[BlackElo "2043"]

1.d4 Nf6 2.c4 g6 3.Nc3 Bg7 4.e4 d6 5.Nf3 O-O 6.Be2 e5 7.d5 Nbd7 8.O-O Nc5
9.Qc2 a5 10.Bg5 h6 11.Be3 b6 12.Nd2 Ne8 13.a3 f5 14.f3 f4 15.Bf2 g5 16.b4 Nb7
17.c5 bxc5 18.bxc5 Qf6 19.cxd6 Nbxd6 20.Nb5 Rf7 21.Nxd6 Nxd6 22.Rab1 Bd7
23.Nc4 Bf8 24.a4 h5 25.Nxd6 Bxd6 26.Bb5 g4 27.Bxd7 Rxd7 28.Kh1 Rg7 29.Be1 Kh8
30.Rb5 Rag8 31.Rxa5 h4 32.h3 gxh3 33.gxh3 Bb4 34.Bxb4 Rg3 35.Qh2 Qg6 36.Bc5 Rg2
37.Rg1 Rxh2+ 38.Kxh2 Qh5 39.Rg4 Rb8 40.Bf2 Qe8 41.Ra6 Qf8 42.Rag6  1-0

[Event "ODEM U25-A"]
[Site "Oberhof GER"]
[Date "2011.06.12"]
[Round "2.9"]
[White "Baier,Christoph"]
[Black "Walter,F"]
[Result "1/2-1/2"]
[WhiteElo "1898"]
[BlackElo "2083"]

1.d4 g6 2.c4 Bg7 3.Nf3 d6 4.Nc3 Nf6 5.e4 O-O 6.Be2 e5 7.dxe5 dxe5 8.O-O c6
9.Qc2 Qc7 10.h3 h6 11.Be3 Be6 12.Rfd1 Nbd7 13.b4 Nh5 14.c5 Nf4 15.Bf1 Rad8
16.Nd2 Kh7 17.Nc4  1/2-1/2

[Event "Voronezh FIDE Open"]
[Site "Voronezh RUS"]
[Date "2011.06.13"]
[Round "2.43"]
[White "Kozlov,Sergej A."]
[Black "Klimov,Ivan"]
[Result "0-1"]
[WhiteElo "1747"]
[BlackElo "1928"]

1.d4 Nf6 2.Nf3 g6 3.c4 Bg7 4.Nc3 O-O 5.e4 d6 6.Be2 e5 7.O-O exd4 8.Nxd4 Re8
9.f3 Nc6 10.Be3 Nd7 11.Qd2 Nc5 12.Rfd1 Ne6 13.Nxc6 bxc6 14.b4 Qf6 15.Rac1 a6
16.b5 axb5 17.cxb5 Bd7 18.bxc6 Bxc6 19.Nd5 Bxd5 20.exd5 Nc5 21.Bb5 Reb8 22.Bc6 Rb2
23.Bxa8 Rxd2 24.Rxd2 Qe7 25.Bf2 Qd8 26.Bc6 Bh6 27.Re1 Bxd2 28.Re8+ Qxe8 29.Bxe8 Nd3
30.Bd4 Nb4 31.a4 Nxd5 32.Kf2 c5 33.Ke2 Ba5 34.Bb2 Nf4+ 35.Ke3 Nxg2+ 36.Ke4 Kf8
37.Bb5 Ke7 38.Bc1 Ne1 39.Bf4 Nc2 40.Bd3 f5+ 41.Kd5 Nb4+ 42.Kc4 d5+ 43.Kc3 Nxd3+
44.Kxd3 Ke6  0-1

[Event "Voronezh Master Open"]
[Site "Voronezh RUS"]
[Date "2011.06.13"]
[Round "2.38"]
[White "Korchmar,V"]
[Black "Bargandzhiya,Zaza"]
[Result "1-0"]
[WhiteElo "2244"]
[BlackElo "2066"]

1.d4 Nf6 2.c4 g6 3.Nc3 Bg7 4.e4 O-O 5.Nf3 d6 6.Be2 e5 7.d5 a5 8.Bg5 Nbd7
9.Nd2 Nc5 10.O-O h6 11.Be3 Nh7 12.a3 f5 13.f3 f4 14.Bf2 b6 15.b4 Nd7 16.Na4 axb4
17.axb4 g5 18.c5 bxc5 19.bxc5 h5 20.cxd6 cxd6 21.Nc4 Qe7 22.Nab6 Nxb6 23.Nxb6 Rxa1
24.Qxa1 g4 25.Rc1 gxf3 26.Nxc8 Qb7 27.Nxd6 Qb8 28.Bxf3 Qxd6 29.Bc5 Qg6 30.Bxf8 Nxf8  1-0

[Event "Voronezh Master Open"]
[Site "Voronezh RUS"]
[Date "2011.06.14"]
[Round "3.22"]
[White "Dogodkina,J"]
[Black "Yandarbiev,R"]
[Result "0-1"]
[WhiteElo "2120"]
[BlackElo "2398"]

1.Nf3 Nf6 2.c4 g6 3.d4 Bg7 4.Nc3 O-O 5.e4 d6 6.Be2 e5 7.d5 a5 8.h3 Na6 9.Bg5 h6
10.Bxf6 Qxf6 11.g4 Bd7 12.Rg1 Nc5 13.Qd2 Qf4 14.O-O-O Rfe8 15.Qe3 a4 16.Kd2 c6
17.Bd3 Qf6 18.Bc2 Qd8 19.Rb1 Qa5 20.Ke2 Rac8 21.Nd2 b5 22.b4 axb3 23.axb3 b4
24.dxc6 Bxc6 25.Ra1 Qc7 26.Nd5 Qb7 27.Ra5 Ne6 28.Rga1 Bxd5 29.exd5 Nd4+ 30.Kd1 Ra8
31.Ne4 Rxa5 32.Rxa5 Qb6 33.Rb5 Qa6 34.Rxb4 f5 35.Ra4 Qb6 36.Nd2 e4 37.f4 Qd8
38.Kc1 g5 39.Ra7 Qf6 40.gxf5 gxf4 41.Nxe4 fxe3  0-1

[Event "Voronezh FIDE Open"]
[Site "Voronezh RUS"]
[Date "2011.06.15"]
[Round "4.31"]
[White "Fedotov,Nikita2"]
[Black "Sazonova,A"]
[Result "0-1"]
[WhiteElo "1793"]
[BlackElo "1920"]

1.d4 Nf6 2.c4 g6 3.Nc3 Bg7 4.e4 d6 5.Nf3 O-O 6.Be2 e5 7.Be3 Ng4 8.Bg5 f6
9.Bh4 g5 10.Bg3 Nh6 11.d5 f5 12.exf5 Nxf5 13.Ne4 h6 14.h3 Nd7 15.Bh2 Nf6
16.Bd3 Qe7 17.O-O Nxe4 18.Bxe4 Qf6 19.Rc1 b6 20.b4 a5 21.a3 axb4 22.axb4 Ne7
23.c5 bxc5 24.bxc5 Bf5 25.Bxf5 Qxf5 26.cxd6 cxd6 27.Rc7 Rf7 28.Qb3 Qe4 29.Qb7 Qxd5
30.Qxd5 Nxd5 31.Rxf7 Kxf7 32.g4 Ra3 33.Kg2 Ra2 34.Kg1 Ra3 35.Kg2 Ke6 36.Re1 Rd3
37.Bg3 Nc3 38.Re3 e4 39.Ng1 d5 40.h4 Rxe3 41.fxe3 Nd1 42.Bf2 gxh4 43.Ne2 h3+
44.Kf1 Be5  0-1

[Event "49th National Challengers ch-IND"]
[Site "Aurangabad IND"]
[Date "2011.06.16"]
[Round "2"]
[White "Swayams,M"]
[Black "Navalgund,N"]
[Result "1-0"]
[WhiteElo "2370"]
[BlackElo "2188"]

1.d4 Nf6 2.c4 g6 3.Nc3 Bg7 4.e4 d6 5.Nf3 O-O 6.Be2 Na6 7.O-O e5 8.Re1 c6
9.Bf1 exd4 10.Nxd4 Ng4 11.h3 Qb6 12.hxg4 Qxd4 13.g5 Qxd1 14.Rxd1 Nc5 15.f3 Be5
16.Be3 f6 17.gxf6 Rxf6 18.Rd2 Ne6 19.Ne2 g5 20.Rad1 a5 21.Nc1 Nf4 22.c5 dxc5
23.Rd8+ Kg7 24.Bc4 b5 25.Rg8+ Kh6 26.Kf2 Rg6 27.Rh1+ Nh5 28.g4 Rxg8 29.Rxh5+ Kg7
30.Rxg5+ Kf6 31.Bxg8 Bxb2 32.Nd3 Bd4 33.e5+ Ke7 34.Nxc5  1-0

[Event "DJEM GM Duel Rapid"]
[Site "Oberhof GER"]
[Date "2011.06.16"]
[Round "2"]
[White "Gustafsson,J"]
[Black "Fressinet,L"]
[Result "1/2-1/2"]
[WhiteElo "2646"]
[BlackElo "2677"]

1.d4 Nf6 2.c4 g6 3.Nc3 Bg7 4.e4 d6 5.Nf3 O-O 6.Be2 e5 7.Be3 Ng4 8.Bg5 f6
9.Bh4 Nc6 10.d5 Ne7 11.Nd2 Nh6 12.f3 c5 13.dxc6 bxc6 14.b4 Be6 15.Bf2 d5
16.Nb3 d4 17.Na4 f5 18.Nac5 Bf7 19.O-O g5 20.exf5 Nhxf5 21.Bd3 Kh8 22.Qc2 Bg8
23.Rae1 Qc8 24.Na5 Rb8 25.a3 Rb6 26.Ne4 Ng6 27.c5 Rb8 28.Nd6 Nxd6 29.cxd6 Nf4
30.Be4 Rb6 31.Nxc6 g4 32.Nxe5 Qxc2 33.Bxc2 Rxd6 34.Bg3 gxf3 35.Rxf3 Rdf6
36.Bxf4 Rxf4 37.Rxf4 Rxf4 38.Nd3 Rf8 39.Nc5 Bh6 40.Be4 Be3+ 41.Kh1 Rf2 42.b5 Ra2
43.a4 Bd2 44.Rd1 Bb4 45.Nd3 Bd6 46.Ne1 Rxa4 47.Nf3 Bc5 48.Bd3 Kg7 49.Kg1 Ra2
50.Rd2 Ra1+ 51.Kf2 Bb4 52.Rc2 Bc3 53.Re2 Rd1 54.Bc2 Rc1 55.Bd3 Rd1 56.Bc2 Rc1
57.Bd3 Rd1  1/2-1/2

[Event "DJEM U18 w"]
[Site "Oberhof GER"]
[Date "2011.06.16"]
[Round "7.8"]
[White "Bluebaum,J"]
[Black "Garny,Annica"]
[Result "1-0"]
[WhiteElo "1998"]
[BlackElo "1783"]

1.d4 Nf6 2.c4 g6 3.Nc3 Bg7 4.e4 d6 5.Nf3 O-O 6.Be2 e5 7.Be3 exd4 8.Nxd4 Re8
9.f3 c6 10.O-O d5 11.Nc2 dxe4 12.Qxd8 Rxd8 13.fxe4 Re8 14.Rad1 Nbd7 15.Rf4 Nf8
16.Rdf1 N6d7 17.Rxf7 Bxc3 18.bxc3 Rxe4 19.Bd3 Re8 20.Bh6 Ne6 21.Be2 Ne5 22.R7f2 Bd7
23.Nd4 Nc5 24.Rf4 Na4 25.Nf3 Nf7 26.Rxf7 Kxf7 27.Ng5+ Ke7 28.Nxh7 Nxc3 29.Bd3 Nxa2
30.Bg5+ Kd6 31.Bf4+ Kc5 32.Nf6 Red8 33.Bxg6 Be6 34.Ne4+ Kxc4 35.Nd6+ Rxd6
36.Bxd6 b5 37.h4 b4 38.h5 a5 39.h6 Bg8 40.h7 Bxh7 41.Bxh7 b3 42.Ba3 Rb8 43.Rf4+ Kc3
44.Rf3+ Kc4 45.Bb2 a4 46.g4 Ra8 47.Ba3 Rb8 48.Bb2 Ra8 49.Rf4+ Kc5 50.Ba3+ Kd5
51.g5 Nc3 52.Rf5+ Ke6 53.Rf6+ Ke5 54.Rxc6 Ne4 55.g6 Rd8 56.g7 Rd1+ 57.Kg2 Rd2+
58.Kf3  1-0

[Event "TCh-CZE-SLO w Extraliga"]
[Site "Orlova CZE"]
[Date "2011.06.16"]
[Round "2"]
[White "Dvoranova,M"]
[Black "Suchomelova,Simona"]
[Result "1-0"]
[WhiteElo "2056"]
[BlackElo "1531"]

1.d4 Nf6 2.Nf3 g6 3.c4 Bg7 4.Nc3 d6 5.e4 O-O 6.Be2 Nbd7 7.O-O e5 8.d5 Nh5
9.Re1 Kh8 10.Be3 Nf4 11.Bf1 Nh5 12.Qc1 f5 13.exf5 gxf5 14.Bg5 Qe8 15.Nb5 Qg6
16.Nh4 Qf7 17.Nxc7 Ndf6 18.Nxa8 Ne8 19.Bh6 Rg8 20.Bxg7+ Qxg7 21.Kh1 Qg4 22.g3 f4
23.Qd1 Qg5 24.Nf3 Qg6 25.Bd3 Qh6 26.Qd2 Qf6 27.Be4 Bg4 28.Qd3 Rg7 29.Rg1 fxg3
30.fxg3 Rf7 31.Nh4 Qd8 32.Raf1 Nef6 33.Bf5 Bxf5 34.Nxf5 Ne8 35.Nh6 Rxf1 36.Qxf1 Qe7
37.Qf7  1-0

[Event "Voronezh Master Open"]
[Site "Voronezh RUS"]
[Date "2011.06.16"]
[Round "5.40"]
[White "Baraeva,I"]
[Black "Bargandzhiya,Zaza"]
[Result "1-0"]
[WhiteElo "2161"]
[BlackElo "2066"]

1.d4 Nf6 2.c4 g6 3.Nc3 Bg7 4.e4 O-O 5.Be2 d6 6.Nf3 e5 7.Be3 Ng4 8.Bg5 f6
9.Bh4 Nc6 10.d5 Ne7 11.Nd2 h5 12.h3 Nh6 13.f3 c5 14.dxc6 bxc6 15.Bf2 Be6
16.Nb3 d5 17.Nc5 Bf7 18.cxd5 cxd5 19.exd5 Nxd5 20.Nxd5 Bxd5 21.O-O Nf5 22.Qc2 Rc8
23.Rfd1 Nd4 24.Bxd4 exd4 25.Rxd4 f5 26.Rxd5 Qxd5 27.Bc4 Rfd8 28.Bxd5+ Rxd5
29.Qb3  1-0